Conocimiento y libertad
La pregunta rectora de esta obra versa sobre la legitimidad de la aplicación del conocimiento a la libertad, es decir, si el conocimiento se puede aplicar a la hora de ejercer nuestra libertad. Para atender la cuestión, primeramente se desarrolla lo que el autor llamaría la función humanística del c...
Zapisane w:
| 1. autor: | |
|---|---|
| Format: | Książka |
| Język: | Undetermined |
| Wydane: |
Montevideo, Uruguay
Pueblos unidos
1973
|
| Hasła przedmiotowe: | |
| Etykiety: |
Dodaj etykietę
Nie ma etykietki, Dołącz pierwszą etykiete!
|
MARC
| LEADER | 00000nam a2200000Ia 4500 | ||
|---|---|---|---|
| 008 | 170316s9999 xx 000 0 und d | ||
| 040 | |a cru BVZT | ||
| 090 | |a 100 B-39c | ||
| 100 | |a Bichko, Igor V. |9 1880 | ||
| 245 | |a Conocimiento y libertad | ||
| 260 | |a Montevideo, Uruguay | ||
| 260 | |b Pueblos unidos | ||
| 260 | |c 1973 | ||
| 300 | |a 223 páginas | ||
| 520 | |a La pregunta rectora de esta obra versa sobre la legitimidad de la aplicación del conocimiento a la libertad, es decir, si el conocimiento se puede aplicar a la hora de ejercer nuestra libertad. Para atender la cuestión, primeramente se desarrolla lo que el autor llamaría la función humanística del conocimiento: su idealidad, la dialéctica, los modelos lógicos y la irracionalidad. En segundo lugar, se desarrolla el tema de la libertad como una elección gnoseológica: el absurdo, la determinación de la libertad y el conocimiento experimental. | ||
| 650 | |a FILOSOFÍA |9 5 | ||
| 999 | |c 15722 |d 15722 | ||
| 942 | |c 15 D |h 100 B-39c |2 z | ||
